El método Montessori : (Record no. 94793)

MARC details
000 -LEADER
campo de control de longitud fija 00783nam a2200229 i 4500
001 - NÚMERO DE CONTROL
campo de control 94793
003 - IDENTIFICADOR DE NÚMERO DE CONTROL
campo de control ES-MaACL
005 - FECHA Y HORA DE LA ÚLTIMA TRANSACCIÓN
campo de control 20250828035601.0
007 - CAMPO FIJO DE DESCRIPCIÓN FÍSICA--INFORMACIÓN GENERAL
campo de control de longitud fija t|
008 - DATOS DE LONGITUD FIJA--INFORMACIÓN GENERAL
campo de control de longitud fija 050516s1968 sp ||||1| spa d
080 ## - NÚMERO DE LA CLASIFICACIÓN DECIMAL UNIVERSAL
Número de la Clasificación Decimal Universal 371.4
100 1# - ENTRADA PRINCIPAL--NOMBRE DE PERSONA
Nombre de persona Lubienska de Lenval, Hélène.
9 (RLIN) 74500
245 13 - MENCIÓN DEL TÍTULO
Título El método Montessori :
Resto del título espíritu y técnica /
Mención de responsabilidad, etc. Hèlene Lubienska de Lenval ; traducción e introduccion, Santiago Mínguez.
260 ## - PUBLICACIÓN, DISTRIBUCIÓN, ETC.
Lugar de publicación, distribución, etc. Madrid :
Nombre del editor, distribuidor, etc. Magisterio Español,
Fecha de publicación, distribución, etc. 1968.
300 ## - DESCRIPCIÓN FÍSICA
Extensión 103 p. ;
Dimensiones 18 cm.
490 1# - MENCIÓN DE SERIE
Mención de serie Folletos el Magisterio Español ;
Designación de volumen o secuencia 31-32
650 #4 - PUNTO DE ACCESO ADICIONAL DE MATERIA--TÉRMINO DE MATERIA
Término de materia o nombre geográfico como elemento de entrada Método Montessori.
9 (RLIN) 15020
700 1# - ENTRADA AGREGADA--NOMBRE PERSONAL
Nombre de persona Mínguez, Santiago.
9 (RLIN) 81352
830 10 - PUNTO DE ACCESO ADICIONAL DE SERIE-TÍTULO UNIFORME
Título uniforme Folletos El Magisterio Español
Designación de volumen o secuencia 31-32
9 (RLIN) 182679
852 ## - LOCALIZACIÓN
Ubicación ES-MaACL
Número de control de estantería C-51459
Holdings
Estatus retirado Estado de pérdida Estado de daño No para préstamo Biblioteca de origen Biblioteca actual Ubicación en estantería Fecha de adquisición Fuente de adquisición Total de préstamos Signatura topográfica completa Código de barras Visto por última vez Precio de reemplazo Tipo de ítem Koha
        Biblioteca del Ateneo de Madrid Biblioteca del Ateneo de Madrid Depósito 2 17/01/2008     C-51459 1098996 23/02/2023 23/02/2023 Libro impreso